| 000 | 01284cam a2200289 4500 | ||
|---|---|---|---|
| 001 | ABS63942 | ||
| 008 | 000000n2001 000 0 eng u | ||
| 035 | _a(Sirsi) u112846 | ||
| 100 | _aBrewer, G | ||
| 245 | _aClaims for offsite overheads in event of delay | ||
| 260 | _c2001 | ||
| 490 |
_aContract Journal _v408(6327) 16 May 2001, 26(1) |
||
| 520 | _aExamines case law involving contractor claims for overheads in the event of project delays, and considers the use of formulas to settle such claims. Discusses the recent Scottish case of "Beechwood Development Company (Scotland) v Stuart Mitchell", which addressed the issue of whether Beechwood was entitled to claim damages for overheads and profit loss using the Hudson formula. | ||
| 590 | _aABS | ||
| 650 | _aCONTRACTORS | ||
| 650 | _aBEECHWOOD DEVELOPMENT COMPANY (SCOTLAND) V STUART MITCHELL T/A DISCOVERY LAND SURVEYS | ||
| 650 | _aOVERHEADS | ||
| 650 | _aSCOTTISH LAW | ||
| 650 | _aST MODWEN DEVELOPMENTS V BOWMER AND KIRKLAND | ||
| 650 | _aAMEC BUILDING LTD V CADMUS INVESTMENTS | ||
| 650 | _aALFRED MCALPINE V PROPERTY AND LAND CONTRACTORS | ||
| 650 | _aDELAYS | ||
| 650 | _aHUDSON FORMULA | ||
| 650 | _aCALCULATION OF LOSS | ||
| 690 | _aBUILT ENVIRONMENT-BUILDING CONTRACT FORMS | ||
| 942 | _n0 | ||
| 999 |
_c67175 _d67175 |
||